City to Country Quiz #5 - Statistics

General Stats
  • This quiz has been taken 80,734 times
  • The average score is 18 of 27
Answer Stats
City Country % Correct
Vladivostok Russia
96%
Kawasaki Japan
92%
Salzburg Austria
85%
The Hague Netherlands
85%
Lagos Nigeria
85%
Tallinn Estonia
81%
Dijon France
80%
Rhodes Greece
79%
Ulaanbaatar Mongolia
79%
Tbilisi Georgia
74%
Aleppo Syria
70%
Ghent Belgium
69%
Corleone Italy
65%
Lviv Ukraine
65%
Antananarivo Madagascar
63%
Izmir Turkey
62%
Oaxaca Mexico
61%
A Coruña Spain
61%
Waterford Ireland
59%
Abbottabad Pakistan
55%
Thimphu Bhutan
51%
Lhasa China
50%
N'Djamena Chad
48%
Juba South Sudan
46%
Worms Germany
44%
Davos Switzerland
44%
Qom Iran
29%
No matching quizzes found
Score Distribution
Percent of People with Each Score
Percentile by Number Answered
Your Score History
You have not taken this quiz